Plans et prix entre socialisme et liberalisme

Kaydedildi:
Detaylı Bibliyografya
Yazar: Meade, James Edward (autor)
Materyal Türü: Kitap
Dil:Fransızca
Baskı/Yayın Bilgisi: París Marcel Rivière 1952
Seri Bilgileri:Bibliothèque Générale d'Economie Politique
Konular:
Etiketler: Etiketle
Etiket eklenmemiş, İlk siz ekleyin!

MARC

LEADER 00000nam a2200000 a 4500
001 UCR7600
003 CL-VaPUC
008 980519e19520000FR |||||||||||||||||fre|d
082 0 4 |a 330.1  |b MEA  |2 21 
100 |a Meade, James Edward  |e autor  |9 535174 
245 1 0 |a Plans et prix entre socialisme et liberalisme 
300 |a 162 p 
942 |c BK 
945 |d 19980519 00:00:00  |a crobeson 
260 |a París  |b Marcel Rivière  |c 1952 
650 7 |a SISTEMAS ECONOMICOS  |2 CL-VaPUC  |9 408916 
650 0 |a Socialismo  |9 255260 
650 0 |a Liberalismo  |9 255715 
650 0 |a Economía   |9 255568 
650 0 |a Teoría económica  |9 315055 
650 0 |a Economía política  |9 255814 
583 |a last modification  |c 19980519 00:00:00  |k Rodrigo Vera 
490 0 |a Bibliothèque Générale d'Economie Politique 
999 |c 269191  |d 269189